Banqueting and catering management: The basic concept (Record no. 24117)

MARC details
000 -LEADER
fixed length control field 00481nam a2200169Ia 4500
008 - FIXED-LENGTH DATA ELEMENTS--GENERAL INFORMATION
fixed length control field 230917s9999||||xx |||||||||||||| ||und||
020 ## - ISBN
Price RS350
040 ## - CATALOGING SOURCE
-- 242364
Original cataloging agency VIVEKANANDA LIBRARY
041 ## - Language
-- English
082 ## - DDC NUMBER
Classification number 642.4 N139B
100 ## - MAIN ENTRY--PERSONAL NAME
Personal name Nagrath, Kushagra
245 #0 - TITLE STATEMENT
Title Banqueting and catering management: The basic concept
260 ## - PUBLICATION, DISTRIBUTION, ETC. (IMPRINT)
Place of publication, distribution, etc New Delhi
Name of publisher, distributor, etc Kanaishka Publishers
Date of publication, distribution, etc 2010
300 ## - PHYSICAL DESCRIPTION
Pages xvi, 117 p.
500 ## - GENERAL NOTE
General note 2885 25/09/2017 HBD17/7055 26/09/2017 IHTM (SFS)
942 ## - ADDED ENTRY ELEMENTS (KOHA)
Koha item type Books
Holdings
Withdrawn status Lost status Damaged status Not for loan Location (home branch) Sublocation or collection (holding branch) Shelving location Date acquired Koha issues (times borrowed) Koha full call number Accession No. Koha date last seen Koha item type
        VIVEKANANDA LIBRARY VIVEKANANDA LIBRARY IHTM Library 03/11/2017   642.4 N139B 363029 17/09/2023 Books
        VIVEKANANDA LIBRARY VIVEKANANDA LIBRARY IHTM Library 03/11/2017   642.4 N139B 363030 17/09/2023 Books
        VIVEKANANDA LIBRARY VIVEKANANDA LIBRARY IHTM Library 03/11/2017   642.4 N139B 363031 17/09/2023 Books
        VIVEKANANDA LIBRARY VIVEKANANDA LIBRARY IHTM Library 03/11/2017   642.4 N139B 363032 17/09/2023 Books
        VIVEKANANDA LIBRARY VIVEKANANDA LIBRARY IHTM Library 03/11/2017   642.4 N139B 363033 17/09/2023 Books
© Designed and Maintained by Vivekananda Library, MDU Rohtak